Multiple Choice City Quiz – Budapest - Statistics

General Stats
  • This quiz has been taken 11,778 times
    11,759 since last reset
  • The average score is 7 of 10
Answer Stats
Question Answer % Correct
What major river passes through Budapest? Danube
96%
How did Budapest get its name? Merger of the cities Buda and Pest
93%
What empire captured Budapest in 1526 and held it for nearly 150 years? Ottoman Empire
87%
Which of these things was invented in Budapest? Rubik's cube
81%
Who directed the 2014 film "Grand Budapest Hotel"? Wes Anderson
71%
Which of the following historical figures was born in Budapest? Harry Houdini
69%
Which of these billionaires was born in Budapest? George Soros
67%
Which of the following water features is Budapest famous for? Hot springs
66%
When did Soviet tanks roll into Budapest to crush a rebellion? 1956
59%
What is the most famous bridge crossing that river in Budapest? Chain Bridge
46%
No matching quizzes found
Score Distribution
Percent of People with Each Score
Percentile by Number Answered
Your Score History
You have not taken this quiz since the last reset